000 00299nam a22001337a 4500
008 190205b xxu||||| |||| 00| 0 eng d
020 _a0887066100
041 _aeng
080 _a316
100 _a50
101 _aSOC
245 _aIBN Khaldun's Sociological Thought
_cBaali, F
942 _2udc
_cBK
999 _c53985
_d53985